000 01037nam a2200241Ia 4500
001 15054
003 GE_BSU
008 181216s||||||||xx |||||||||||||| ||und||
020 _aISBN 978-9941-22-333-4
040 _cGE_BSU
080 _a316.2
100 _aკორტავა,შორენა
245 _aსაზოგადოება, ინდივიდი, ძალაუფლება
245 _bარაკლასიკური სოციოლოგიური თეორიები
245 _cრედ. კახა ქეცბაია.
260 _aთბილისი
260 _bუნივერსალი
260 _c2014
300 _a178 გვ. ; 20 სმ.
300 _bბიბლიოგრ.: გვ. 173-177
653 _aსაზოგადოების სოციოლოგია; ინდივიდის სოციოლოგია; ძალაუფლება; სოციოლოგიური თეორიები;
942 _cBK
999 _c48172
_d48172